00955nas a2200229Ia 4500001001100000003000900011008004100020040001300061040001300074041001200087100004000099210002900139222002900168245010100197250001100298260004000309501008600349300001800435362002600453500020700479650003900686R707/E6759IT-RoPAU151124c99999999xx |||||||||||| ||und|| aIT-RoPAU cIT-RoPAU aTEDESCO aBale JohngCodice Aut. SPICS: 49008 aZEITSCHRIFT FUR SEMIOTIK aZeitschrift Fur Semiotik aZEITSCHRIFT FUR SEMIOTIK, VOL. 19-N.1/2 (1997)bSportplatz (Der): Das Spiel Der Gezahmten Korper a1a ed. aTUBINGENbSTAUFFENBURG VERLAGc1997 bPaulus - SPICS - Società San Paolo EM (non-commercial uses only)cCopyright2015 a14 p. [35-48] aVOL. 19, N.1/2 (1997) aCampo Sportivo: Sport Competitivi Visti Come un Paradigma di Vita Nell'Eramoderna. Metafore dei Campi Sportivi. Paesaggi Sportivi Come Giardini e Parchi. Addomesticamento del Corpo con i Campi di Gioco. aSEMIOTICAvPUBBLICAZIONE PERIODICA